The teacher and the community, school culture and organizational leadership / (Record no. 69205)

MARC details
000 -LEADER
fixed length control field 01048nam a22002897a 4500
003 - CONTROL NUMBER IDENTIFIER
control field URS
005 - DATE AND TIME OF LATEST TRANSACTION
control field 20230418103537.0
008 - FIXED-LENGTH DATA ELEMENTS--GENERAL INFORMATION
fixed length control field 230418b |||||||| |||| 00| 0 eng d
020 ## - INTERNATIONAL STANDARD BOOK NUMBER
International Standard Book Number 978-621-8035-55-3
040 ## - CATALOGING SOURCE
Original cataloging agency CvSU-CCAT Campus Library.
Language of cataloging English.
Transcribing agency URS
Description conventions rda
050 14 - LIBRARY OF CONGRESS CALL NUMBER
Classification number LC221
Item number .P93 2019
100 ## - MAIN ENTRY--PERSONAL NAME
9 (RLIN) 4481
Personal name Prieto, Neila G.
Relator term author.
245 ## - TITLE STATEMENT
Title The teacher and the community, school culture and organizational leadership /
Statement of responsibility, etc Nelia G. Prieto, Clotilde N. Arcangel, Brenda B. Corpuz.
264 ## - PUBLICATION, DISTRIBUTION, ETC. (IMPRINT)
Place of publication, distribution, etc Quezon City :
Name of publisher, distributor, etc Lorimar Publishing, Inc.,
Date of publication, distribution, etc c2019.
300 ## - PHYSICAL DESCRIPTION
Extent xiv, 150 pages :
Other physical details illustrations ;
Dimensions 26 cm
336 ## - CONTENT TYPE
Source rdacontent
Content type term text
Content type code txt
337 ## - MEDIA TYPE
Source rdamedia
Media type term unmediated
Media type code n
338 ## - CARRIER TYPE
Source rdacarrier
Carrier type term volume
Carrier type code nc
490 ## - SERIES STATEMENT
Series statement (PAFTE Project WRITE)
501 ## - WITH NOTE
With note OBE & PPST-Based.
504 ## - BIBLIOGRAPHY, ETC. NOTE
Bibliography, etc Includes bibliographical references.
546 ## - LANGUAGE NOTE
Language note In English text.
650 #0 - SUBJECT ADDED ENTRY--TOPICAL TERM
9 (RLIN) 4483
Topical term or geographic name as entry element Community and school.
700 ## - ADDED ENTRY--PERSONAL NAME
9 (RLIN) 4484
Personal name Archangel, Clotilde N.
Relator term author.
700 ## - ADDED ENTRY--PERSONAL NAME
9 (RLIN) 83
Personal name Corpuz, Brenda B.,
Relator term author.
942 ## - ADDED ENTRY ELEMENTS (KOHA)
Source of classification or shelving scheme Library of Congress Classification
Koha item type Filipiniana
Holdings
Withdrawn status Lost status Source of classification or shelving scheme Damaged status Not for loan Collection code Home library Current library Shelving location Date acquired Total Checkouts Full call number Barcode Date last seen Copy number Price effective from Koha item type
    Library of Congress Classification     Non-fiction Morong College Library Morong College Library New Materials Shelf 04/18/2023   LC221 .P93 2019 URSMOR-CL-28913 04/18/2023 1 04/18/2023 Filipiniana
    Library of Congress Classification     Non-fiction Morong College Library Morong College Library New Materials Shelf 04/18/2023   LC221 .P93 2019 URSMOR-CL-28914 04/18/2023 2 04/18/2023 Filipiniana
    Library of Congress Classification     Non-fiction Morong College Library Morong College Library New Materials Shelf 04/18/2023   LC221 .P93 2019 URSMOR-CL-28915 04/18/2023 3 04/18/2023 Filipiniana
    Library of Congress Classification     Non-fiction Morong College Library Morong College Library New Materials Shelf 04/18/2023   LC221 .P93 2019 URSMOR-CL-28916 04/18/2023 4 04/18/2023 Filipiniana
    Library of Congress Classification     Non-fiction Morong College Library Morong College Library New Materials Shelf 04/18/2023   LC221 .P93 2019 URSMOR-CL-28917 04/18/2023 5 04/18/2023 Filipiniana
    Library of Congress Classification     Non-fiction Morong College Library Morong College Library New Materials Shelf 04/18/2023   LC221 .P93 2019 URSMOR-CL-28918 04/18/2023 6 04/18/2023 Filipiniana

University of Rizal System
Email us at univlibservices@urs.edu.ph

Visit our Website www.urs.edu.ph/library